[Event "Greifswald Ryck op 23rd"]
[Site "Greifswald"]
[Date "2022.07.07"]
[Round "3"]
[White "Suliga, Eckhard"]
[Black "Wagner, Tino"]
[Result "1/2-1/2"]
[WhiteElo "1520"]
[BlackElo "1462"]
[PlyCount "91"]
[EventDate "2022.07.06"]
[EventType "swiss"]
[EventRounds "7"]
[EventCountry "GER"]
[SourceTitle "EXT 2023"]
[Source "ChessBase"]
[SourceDate "2022.10.05"]
[SourceVersion "1"]
[SourceVersionDate "2022.10.05"]
[SourceQuality "1"]

1. e4 e5 2. Nf3 Nc6 3. Bb5 Nf6 4. 0-0 Nxe4 5. d4 Nd6 6. Bxc6 dxc6 7. dxe5 Nf5 8. Qxd8+ Kxd8 9. b3 Be6 10. Ng5 Nd4 11. Nxe6+ Nxe6 12. Bb2 Ke8 13. Rd1 Bc5 14. Nd2 Rd8 15. Ne4 Bd4 16. Bxd4 Nxd4 17. Rd2 Ne6 18. Rad1 Rxd2 19. Rxd2 Ke7 20. Kf1 Rd8 21. Rxd8 Kxd8 22. f4 b6 23. Ke2 h6 24. Ke3 Ke7 25. f5 Nf8 26. h4 Nd7 27. Kf4 f6 28. e6 Ne5 29. g4 c5 30. c4 g6 31. Nf2 g5+ 32. hxg5 hxg5+ 33. Ke3 Nc6 34. Kd3 Nb4+ 35. Kd2 Nxa2 36. Nd3 Nb4 37. Nxb4 cxb4 38. Kd3 c5 39. Ke4 Kd6 40. Kd3 a6 41. Kc2 b5 42. Kd3 Ke7 43. cxb5 axb5 44. Kc2 c4 45. Kb2 c3+ 46. Kc2 1/2-1/2

[Event "Heusenstamm Sparkassen op-B 6th"]
[Site "Heusenstamm"]
[Date "2019.11.22"]
[Round "3"]
[White "Gnandt, Michael"]
[Black "Suliga, Eckhard"]
[Result "0-1"]
[WhiteElo "1434"]
[BlackElo "1656"]
[PlyCount "39"]
[EventDate "2019.11.21"]
[EventType "swiss"]
[EventRounds "7"]
[EventCountry "GER"]
[SourceTitle "CBM 194 Extra"]
[Source "ChessBase"]
[SourceDate "2020.03.31"]
[SourceVersion "1"]
[SourceVersionDate "2020.03.31"]
[SourceQuality "1"]

1. e4 e6 2. Nc3 d5 3. exd5 exd5 4. d3 Nf6 5. Bf4 Bb4 6. Qe2+ Be6 7. Bd2 0-0 8. f3 Nc6 9. Qf2 d4 10. Ne4 Bxd2+ 11. Qxd2 Nd5 12. 0-0-0 a5 13. a3 b5 14. Nc5 a4 15. Ne2 b4 16. Nxe6 fxe6 17. axb4 Ndxb4 18. c3 dxc3 19. Nxc3 Nd4 20. Nb5 0-1

[Event "Heusenstamm Sparkassen op-B 6th"]
[Site "Heusenstamm"]
[Date "2019.11.21"]
[Round "1"]
[White "Werner, Florin"]
[Black "Suliga, Eckhard"]
[Result "0-1"]
[WhiteElo "1297"]
[BlackElo "1656"]
[PlyCount "54"]
[EventDate "2019.11.21"]
[EventType "swiss"]
[EventRounds "7"]
[EventCountry "GER"]
[SourceTitle "CBM 194 Extra"]
[Source "ChessBase"]
[SourceDate "2020.03.31"]
[SourceVersion "1"]
[SourceVersionDate "2020.03.31"]
[SourceQuality "1"]

1. e4 e6 2. d4 d5 3. exd5 exd5 4. Nf3 Bd6 5. Nc3 Ne7 6. Bb5+ c6 7. Be2 Bf5 8. Be3 Nd7 9. Qd2 Qc7 10. Bd3 0-0 11. Bg5 Bxd3 12. Qxd3 Ng6 13. 0-0 h6 14. Bh4 Nxh4 15. Nxh4 Bxh2+ 16. Kh1 Bf4 17. g3 Bg5 18. Ng2 Rae8 19. Rfe1 Bd8 20. Re2 Rxe2 21. Qxe2 Nf6 22. Re1 Re8 23. Qd2 Rxe1+ 24. Qxe1 Qb6 25. b3 Qxd4 26. Na4 Ne4 27. Kg1 b5 0-1

[Event "Lueneburg distr-ch Haupt"]
[Site "Muenster"]
[Date "2019.10.18"]
[Round "4"]
[White "Suliga, Eckhard"]
[Black "Nannt, Matthias"]
[Result "1-0"]
[WhiteElo "1668"]
[BlackElo "1011"]
[PlyCount "69"]
[EventDate "2019.10.17"]
[EventType "swiss"]
[EventRounds "7"]
[EventCountry "GER"]
[SourceTitle "EXT 2023"]
[Source "ChessBase"]
[SourceDate "2022.10.05"]
[SourceVersion "1"]
[SourceVersionDate "2022.10.05"]
[SourceQuality "1"]

1. e4 e6 2. d4 d5 3. Nc3 c5 4. exd5 exd5 5. dxc5 Bxc5 6. Qxd5 Qxd5 7. Nxd5 Na6 8. Bxa6 bxa6 9. Nc7+ Kd8 10. Nxa8 Bb7 11. Nf3 Bxa8 12. Bf4 Ne7 13. 0-0-0+ Kc8 14. Be3 Bb6 15. Rd2 Nd5 16. Bxb6 axb6 17. Rd4 f6 18. Rhd1 Nc7 19. Rd7 Rg8 20. Rf7 Bd5 21. Rxc7+ Kxc7 22. Rxd5 Re8 23. Kd2 Kc6 24. c4 b5 25. Nd4+ Kc7 26. cxb5 axb5 27. Rxb5 Rd8 28. Kc3 Re8 29. a4 Rb8 30. Rxb8 Kxb8 31. Kc4 Kc7 32. a5 g5 33. b4 h5 34. Kc5 h4 35. f3 1-0

[Event "Lueneburg distr-ch Haupt"]
[Site "Muenster"]
[Date "2019.10.17"]
[Round "2"]
[White "Suliga, Eckhard"]
[Black "Dunker, Lueder"]
[Result "1/2-1/2"]
[WhiteElo "1668"]
[BlackElo "1413"]
[PlyCount "40"]
[EventDate "2019.10.17"]
[EventType "swiss"]
[EventRounds "7"]
[EventCountry "GER"]
[SourceTitle "EXT 2023"]
[Source "ChessBase"]
[SourceDate "2022.10.05"]
[SourceVersion "1"]
[SourceVersionDate "2022.10.05"]
[SourceQuality "1"]

1. e4 c5 2. Nf3 Nc6 3. d4 cxd4 4. Nxd4 Nf6 5. Nc3 e5 6. Ndb5 d6 7. Bg5 a6 8. Na3 Be7 9. Bxf6 Bxf6 10. Nd5 b5 11. c3 Bb7 12. Nc2 Rc8 13. a4 Na7 14. Nce3 Bg5 15. Bd3 Bxe3 16. Nxe3 0-0 17. 0-0 Rc5 18. axb5 Nxb5 19. Qb3 Qa8 20. Qc2 Rfc8 1/2-1/2

[Event "Lueneburg op-B"]
[Site "Lueneburg"]
[Date "2017.07.10"]
[Round "3"]
[White "Schmidt, Johannes2222"]
[Black "Suliga, Eckhard"]
[Result "0-1"]
[WhiteElo "1648"]
[BlackElo "1755"]
[PlyCount "71"]
[EventDate "2017.07.08"]
[EventType "swiss"]
[EventRounds "9"]
[EventCountry "GER"]
[SourceTitle "CBM 179 Extra"]
[Source "ChessBase"]
[SourceDate "2017.08.23"]
[SourceVersion "1"]
[SourceVersionDate "2017.08.23"]
[SourceQuality "1"]

1. d4 Nf6 2. Nf3 e6 3. Bf4 d5 4. e3 c5 5. c3 Nc6 6. Nbd2 Qb6 7. Qb3 Bd7 8. Be2 Be7 9. 0-0 c4 10. Qc2 0-0 11. Ne5 Rfd8 12. Bf3 Be8 13. Rfe1 Nxe5 14. Bxe5 Rac8 15. e4 h6 16. Bxf6 Bxf6 17. exd5 exd5 18. Re2 Qc6 19. Rae1 Bd7 20. Nf1 Be6 21. Ne3 Qd7 22. h3 Bg5 23. Ng4 Bf5 24. Qd1 Bd3 25. Re5 Qb5 26. g3 Qxb2 27. Bxd5 Bd2 28. Bxf7+ Kxf7 29. Re7+ Kg8 30. Qf3 Rf8 31. Qd5+ Kh8 32. Nxh6 Bxh6 33. Rf7 Bg6 34. Ree7 Bxf7 35. Rxf7 Rxf7 36. Qxf7 0-1

[Event "Leipzig VfB op 24th"]
[Site "Leipzig"]
[Date "2017.03.23"]
[Round "5"]
[White "Fischbach, Rainer"]
[Black "Suliga, Eckhard"]
[Result "1-0"]
[WhiteElo "1867"]
[BlackElo "1733"]
[PlyCount "49"]
[EventDate "2017.03.21"]
[EventType "swiss"]
[EventRounds "9"]
[EventCountry "GER"]
[SourceTitle "EXT 2018"]
[Source "ChessBase"]
[SourceDate "2017.10.13"]
[SourceVersion "1"]
[SourceVersionDate "2017.10.13"]
[SourceQuality "1"]

1. b4 Nf6 2. Bb2 e6 3. b5 Be7 4. e3 c5 5. c4 0-0 6. Nf3 b6 7. Be2 Bb7 8. 0-0 d5 9. d4 Nbd7 10. Nbd2 Qc7 11. a4 Rfd8 12. a5 a6 13. axb6 Qxb6 14. cxd5 Bxd5 15. Rxa6 Rxa6 16. dxc5 Nxc5 17. Bxf6 Ra7 18. Bd4 f6 19. e4 Bb7 20. Bc4 Kf8 21. Nb3 Raa8 22. Nfd2 e5 23. Qh5 g6 24. Qxh7 Ke8 25. Qf7+ 1-0

[Event "Leipzig VfB op 24th"]
[Site "Leipzig"]
[Date "2017.03.22"]
[Round "2"]
[White "Suliga, Eckhard"]
[Black "Herrmann, Markus"]
[Result "1/2-1/2"]
[WhiteElo "1733"]
[BlackElo "2022"]
[PlyCount "139"]
[EventDate "2017.03.21"]
[EventType "swiss"]
[EventRounds "9"]
[EventCountry "GER"]
[SourceTitle "EXT 2018"]
[Source "ChessBase"]
[SourceDate "2017.10.13"]
[SourceVersion "1"]
[SourceVersionDate "2017.10.13"]
[SourceQuality "1"]

1. e4 d6 2. d4 Nf6 3. Nc3 g6 4. Nf3 Bg7 5. Be2 0-0 6. Bg5 h6 7. Be3 Nc6 8. Qd2 Ng4 9. Bf4 e5 10. dxe5 dxe5 11. Qxd8 Rxd8 12. Bg3 Nb4 13. Bd1 f5 14. h3 f4 15. Bh4 g5 16. hxg4 Bxg4 17. a3 Bxf3 18. gxf3 Nc6 19. Nd5 Nd4 20. c3 c6 21. cxd4 cxd5 22. Bb3 exd4 23. Bxd5+ Kf8 24. Bxg5 hxg5 25. Kd2 Rac8 26. Rac1 b6 27. Kd3 Ke7 28. Bb7 Rc5 29. Rxc5 bxc5 30. b3 Rb8 31. Bd5 Rh8 32. Rxh8 Bxh8 33. Bc4 Be5 34. Ke2 Kf6 35. Kf1 g4 36. Kg2 g3 37. Bd3 Kg5 38. Bc4 Kh4 39. Bd3 gxf2 40. Kxf2 Kh3 41. Bc4 Kh2 42. Bd3 Bf6 43. Bc4 Bh4+ 44. Ke2 Kg2 45. Bd3 Bf6 46. Bc4 Be5 47. Bd3 Kg3 48. Bc4 Kh4 49. Bd3 Kg5 50. Ba6 Bc7 51. Bc4 Kf6 52. Kd3 Ke5 53. Bd5 Ba5 54. Bc4 Bc3 55. Ba6 Bb2 56. a4 Bc3 57. Bc4 Ba5 58. Bd5 Be1 59. Bc4 Bh4 60. Ba6 Bf6 61. Bb5 Kd6 62. Kc4 Be5 63. Kd3 Bf6 64. Kc4 Be5 65. Kd3 Kc7 66. Bc4 Kb6 67. Bf7 a6 68. Kc4 Kc6 69. Kd3 Kb6 70. Bc4 1/2-1/2

[Event "Lueneburg VMCG op B"]
[Site "Lueneburg"]
[Date "2016.07.06"]
[Round "5"]
[White "Lindges, Claus"]
[Black "Suliga, Eckhard"]
[Result "0-1"]
[WhiteElo "1531"]
[BlackElo "1750"]
[PlyCount "84"]
[EventDate "2016.07.01"]
[EventType "swiss"]
[EventRounds "7"]
[EventCountry "GER"]
[SourceTitle "EXT 2024"]
[Source "ChessBase"]
[SourceDate "2023.10.10"]
[SourceVersion "1"]
[SourceVersionDate "2023.10.10"]
[SourceQuality "1"]

1. e4 e5 2. Nf3 Nc6 3. Bc4 Nf6 4. d3 Bc5 5. Bg5 h6 6. Bd2 d6 7. h3 0-0 8. Nc3 a6 9. a3 Re8 10. Qe2 Nd4 11. Nxd4 Bxd4 12. g3 c6 13. f3 d5 14. Ba2 Be6 15. g4 Qb6 16. 0-0-0 Bxc3 17. Bxc3 d4 18. Bxe6 dxc3 19. Bb3 cxb2+ 20. Kxb2 a5 21. a4 Qc5 22. c4 b5 23. cxb5 cxb5 24. Rc1 Qd4+ 25. Ka2 bxa4 26. Bc4 Rab8 27. Rb1 Rb4 28. Qd2 Rxc4 29. g5 hxg5 30. Rhg1 Rec8 31. Rgc1 Rxc1 32. Rxc1 Rb8 33. Rc4 Qb6 34. Qc2 Qb3+ 35. Qxb3 Rxb3 36. Rc8+ Kh7 37. Rd8 Kg6 38. Rd6 Rb7 39. Ka3 Rd7 40. Rxd7 Nxd7 41. Kxa4 Nc5+ 42. Kxa5 Nxd3 0-1

[Event "Lueneburg VMCG op B"]
[Site "Lueneburg"]
[Date "2016.07.03"]
[Round "2"]
[White "Kolhoff, Manfred"]
[Black "Suliga, Eckhard"]
[Result "1-0"]
[WhiteElo "1564"]
[BlackElo "1750"]
[PlyCount "59"]
[EventDate "2016.07.01"]
[EventType "swiss"]
[EventRounds "7"]
[EventCountry "GER"]
[SourceTitle "EXT 2024"]
[Source "ChessBase"]
[SourceDate "2023.10.10"]
[SourceVersion "1"]
[SourceVersionDate "2023.10.10"]
[SourceQuality "1"]

1. Nf3 Nf6 2. Nc3 d5 3. d4 Nc6 4. e3 Bg4 5. Be2 e6 6. 0-0 Be7 7. a3 0-0 8. Re1 a6 9. Bd2 h6 10. b4 Bd6 11. Rc1 b5 12. h3 Bf5 13. Bd3 Bxd3 14. cxd3 Ne7 15. e4 dxe4 16. dxe4 a5 17. e5 axb4 18. Nxb5 bxa3 19. exd6 cxd6 20. Ra1 Qb6 21. Nxa3 Ned5 22. Nc2 Rfb8 23. Rxa8 Rxa8 24. Qb1 Qc7 25. Rc1 Rb8 26. Qa1 Qb7 27. Nce1 Qb5 28. Qa3 Ne4 29. Qd3 Qa4 30. Qxe4 1-0

[Event "Hessen-ch op-B"]
[Site "Floersheim"]
[Date "2016.05.08"]
[Round "7"]
[White "Henninger, Sascha"]
[Black "Suliga, Eckhard"]
[Result "1-0"]
[WhiteElo "1828"]
[BlackElo "1718"]
[PlyCount "55"]
[EventDate "2016.05.05"]
[EventType "swiss"]
[EventRounds "7"]
[EventCountry "GER"]
[SourceTitle "EXT 2022"]
[Source "ChessBase"]
[SourceDate "2021.10.06"]
[SourceVersion "1"]
[SourceVersionDate "2021.10.06"]
[SourceQuality "1"]

1. e4 e5 2. Nf3 Nc6 3. Bb5 Nf6 4. d3 d6 5. 0-0 Be7 6. c3 0-0 7. Nbd2 Bd7 8. Re1 a6 9. Ba4 b5 10. Bc2 Bg4 11. Nf1 h6 12. h3 Bh5 13. Ng3 Bg6 14. Nh4 Bh7 15. Nhf5 Re8 16. Nxe7+ Nxe7 17. Qf3 c5 18. Bxh6 Nxe4 19. Nxe4 Bxe4 20. Rxe4 gxh6 21. Qh5 Kg7 22. Rae1 Ng6 23. Rg4 Re6 24. d4 Qh8 25. f4 f5 26. Bxf5 Qe8 27. Bxe6 Qxe6 28. f5 1-0

[Event "Hessen-ch op-B"]
[Site "Floersheim"]
[Date "2016.05.07"]
[Round "6"]
[White "Suliga, Eckhard"]
[Black "Reiter, Brigitte"]
[Result "1-0"]
[WhiteElo "1718"]
[BlackElo "1802"]
[PlyCount "43"]
[EventDate "2016.05.05"]
[EventType "swiss"]
[EventRounds "7"]
[EventCountry "GER"]
[SourceTitle "EXT 2022"]
[Source "ChessBase"]
[SourceDate "2021.10.06"]
[SourceVersion "1"]
[SourceVersionDate "2021.10.06"]
[SourceQuality "1"]

1. e4 c6 2. d4 d5 3. exd5 cxd5 4. c4 Nf6 5. Nc3 Nc6 6. Nf3 Bg4 7. cxd5 Nxd5 8. Qb3 Bxf3 9. gxf3 Nb6 10. Be3 e6 11. 0-0-0 Rb8 12. d5 Nxd5 13. Nxd5 exd5 14. Rxd5 Qc7 15. Kb1 Bd6 16. Bb5 a6 17. Rhd1 Be5 18. Rd7 Qxd7 19. Rxd7 Kxd7 20. Qxf7+ Kd6 21. Bc4 Rhe8 22. Bb6 1-0

[Event "Hessen-ch op-B"]
[Site "Floersheim"]
[Date "2016.05.06"]
[Round "4"]
[White "Bolduan, Michael"]
[Black "Suliga, Eckhard"]
[Result "1/2-1/2"]
[WhiteElo "1848"]
[BlackElo "1718"]
[PlyCount "65"]
[EventDate "2016.05.05"]
[EventType "swiss"]
[EventRounds "7"]
[EventCountry "GER"]
[SourceTitle "EXT 2022"]
[Source "ChessBase"]
[SourceDate "2021.10.06"]
[SourceVersion "1"]
[SourceVersionDate "2021.10.06"]
[SourceQuality "1"]

1. e4 e5 2. d4 exd4 3. Qxd4 Nc6 4. Qe3 d6 5. Bd2 Nf6 6. h3 Be7 7. Nc3 0-0 8. 0-0-0 Re8 9. f3 d5 10. Qf4 Bd6 11. Qh4 dxe4 12. Bg5 h6 13. Bxf6 Qxf6 14. Qxf6 gxf6 15. Nxe4 Bf4+ 16. Kb1 Kg7 17. Bb5 Rd8 18. Ne2 Bd6 19. Bxc6 bxc6 20. Nd4 Bd7 21. Nb3 Be7 22. Rhe1 f5 23. Nec5 Bd6 24. Nb7 Re8 25. N3c5 Rxe1 26. Rxe1 Bg3 27. Rd1 Be6 28. b3 Re8 29. Nd8 Bd5 30. Ncb7 Re2 31. c4 Be6 32. Nxc6 Rxg2 33. a4 1/2-1/2

[Event "Hessen-ch op-B"]
[Site "Floersheim"]
[Date "2016.05.05"]
[Round "1"]
[White "Suliga, Eckhard"]
[Black "Wiegand, Helmut"]
[Result "1-0"]
[WhiteElo "1718"]
[BlackElo "1896"]
[PlyCount "41"]
[EventDate "2016.05.05"]
[EventType "swiss"]
[EventRounds "7"]
[EventCountry "GER"]
[SourceTitle "EXT 2022"]
[Source "ChessBase"]
[SourceDate "2021.10.06"]
[SourceVersion "1"]
[SourceVersionDate "2021.10.06"]
[SourceQuality "1"]

1. e4 c5 2. Nf3 Nc6 3. d4 cxd4 4. Nxd4 Nf6 5. Nc3 g6 6. Be3 Bg7 7. f3 0-0 8. Bc4 a6 9. Qd2 b5 10. Bb3 Qc7 11. h4 Na5 12. 0-0-0 Bb7 13. Bh6 e5 14. Nf5 Nxb3+ 15. axb3 Bxh6 16. Qxh6 Nh5 17. g4 Kh8 18. gxh5 Rg8 19. Nd6 Raf8 20. Rhg1 b4 21. Ne2 1-0

[Event "Lueneburg distr-ch Haupt"]
[Site "Tostedt"]
[Date "2015.10.23"]
[Round "3.5"]
[White "Nannt, Michael"]
[Black "Suliga, Eckhard"]
[Result "0-1"]
[WhiteElo "1627"]
[BlackElo "1747"]
[PlyCount "112"]
[EventDate "2015.10.22"]
[EventType "swiss"]
[EventRounds "7"]
[EventCountry "GER"]
[SourceTitle "EXT 2019"]
[Source "ChessBase"]
[SourceDate "2018.10.10"]
[SourceVersion "1"]
[SourceVersionDate "2018.10.10"]
[SourceQuality "1"]

1. e4 e5 2. f4 Bc5 3. Nf3 d6 4. c3 Nf6 5. d4 exd4 6. cxd4 Bb4+ 7. Bd2 Bxd2+ 8. Nbxd2 0-0 9. Bd3 Nc6 10. a3 Bg4 11. 0-0 Nxd4 12. h3 Nxf3+ 13. Nxf3 Bd7 14. Rc1 Bc6 15. Qc2 h6 16. Nd4 Re8 17. Nxc6 bxc6 18. Qxc6 Re7 19. b4 Rb8 20. b5 Rb6 21. Qc2 Rb7 22. a4 Nd7 23. Be2 Nc5 24. Bf3 Rb8 25. Qc4 Kh8 26. Rfd1 f6 27. Qb4 Qe8 28. Rc4 Qf7 29. Rc3 Qe8 30. Rdc1 a6 31. Rxc5 dxc5 32. Rxc5 axb5 33. axb5 Qd8 34. Qc3 Qd7 35. Qc4 Rb6 36. Kh2 Qd6 37. Qc1 Qd7 38. Qc4 Rd6 39. Bg4 Qd8 40. Bf3 Rd4 41. Qc1 Qd6 42. Kh1 Qb6 43. Qc3 Ra4 44. Rd5 Qb8 45. Qd2 Re8 46. Qd3 Ra1+ 47. Kh2 c6 48. bxc6 Qxf4+ 49. g3 Ra2+ 50. Kh1 Qxg3 51. Be2 Qe1+ 52. Bf1 Qf2 53. Be2 Rxe2 54. Qxe2 Qxe2 55. Rd7 Qxe4+ 56. Kh2 Qxc6 0-1

[Event "Lueneburg distr-ch Haupt"]
[Site "Tostedt"]
[Date "2015.10.23"]
[Round "4.3"]
[White "Suliga, Eckhard"]
[Black "Ditze, Thomas"]
[Result "0-1"]
[WhiteElo "1747"]
[BlackElo "1899"]
[PlyCount "44"]
[EventDate "2015.10.22"]
[EventType "swiss"]
[EventRounds "7"]
[EventCountry "GER"]
[SourceTitle "EXT 2019"]
[Source "ChessBase"]
[SourceDate "2018.10.10"]
[SourceVersion "1"]
[SourceVersionDate "2018.10.10"]
[SourceQuality "1"]

1. e4 c6 2. d4 d5 3. exd5 cxd5 4. c4 Nf6 5. Nc3 g6 6. Qb3 Bg7 7. cxd5 0-0 8. Be2 Nbd7 9. Bf3 Nb6 10. Nge2 Bf5 11. 0-0 Bd3 12. d6 exd6 13. Bxb7 Rb8 14. Bf3 Nc4 15. Qd1 Bxe2 16. Qxe2 d5 17. b3 Qa5 18. Nxd5 Nxd5 19. Qxc4 Rfd8 20. Rd1 Nb6 21. Qd3 Rxd4 22. Bd2 Qxd2 0-1